Every Album Childish Gambino Has Featured On - Statistics

General Stats
  • This quiz has been taken 2 times
  • The average score is 4 of 26
Answer Stats
Artist(s) Album Track Title Date Released % Correct
Chance The Rapper Acid Rap Favorite Song Apr 30, 2013
100%
Latto 777 Sunshine Mar 25, 2022
50%
Ravyn Lenae Bird's Eye One Wish Aug 9, 2024
50%
Thundercat It Is What It Is Black Qualls Apr 3, 2020
50%
Ariana Grande My Everything Break Your Heart Right Back Aug 22, 2014
50%
JENNIE Ruby Damn Right Mar 7, 2025
50%
Beyonce The Lion King: The Gift MOOD 4 EVA, reunited, surrender, & i'm home Jul 19, 2019
50%
Trinidad Jones 10Pc. Mild Ea$tside Oct 31, 2014
0%
JasonMartin A Compton Story MORE DOLLARS, MORE SENSE 2014 Nov 17, 2023
0%
LION BABE Begin Jump Hi Jan 22, 2016
0%
Flux Pavilion Blow the Roof Do or Die Jan 25, 2013
0%
Leona Lewis Glassheart Trouble Oct 15, 2012
0%
Rudimental Home Feel the Love (VIP Mix) Apr 5, 2013
0%
bLAck pARty Hummingbird I Love You More Than You Know Aug 5, 2022
0%
NONAME_TRAPPER I love ur thoughts Plambo Sep 20, 2019
0%
Brittany Howard Jaime Stay High Jul 23, 2021
0%
Josh Osho L.i.f.e Giants Jan 1, 2012
0%
Riff Raff Neon Icon Lava Glaciers Jun 24, 2014
0%
DJ Drama Quality Street Music Same Ol' Story Oct 2, 2012
0%
Selah Sun Reason Together Mar 30, 2015
0%
Prodigy R.I.P. #1 Body Sep 30, 2016
0%
Jhene Aiko Sail Out Bed Peace Sep 17, 2013
0%
Sbvce Sbvce Pvck: Bedroomtrap Vol. 1 Chandler Road Apr 28, 2015
0%
KAYTRANDA TIMELESS Witchy Jun 7, 2024
0%
Logic Under Pressure Driving Ms Daisy Oct 21, 2014
0%
Fredo Santana Walking Legend Riot Jul 31, 2014
0%
No matching quizzes found
Score Distribution
Percent of People with Each Score
Percentile by Number Answered
Your Score History
You have not taken this quiz